LEADER 01172nam a2200253 i 4500 001 000000036636 003 CaOOAMICUS 005 20140814000000.0 008 140814s1985 xx u000 u fre u 013 $a6388 020 $a2-204-02360-4 040 $aSeMil$bita 245 10$aDe la conquête d'Alexandre à la destruction du temple (331 a.C. 135 a.D.) 300 $a567 p. 490 0 $aÉtudes annexes de la Bible de Jérusalem 700 1 $aSaulnier, Christiane <1942-1993>.$0(OLS)http://semarc/name/13923 700 1 $aPerrot, Charles,$d<1929-2013>.$0(OLS)http://semarc/name/13924 773 0 $aSaulnier, Christiane <1942-1993>$tHistoire d'Israël.$dParis : Les Éditions du Cerf, 1985.$kÉtudes annexes de la Bible de Jérusalem$g3$w()30331 830 0$aÉtudes annexes de la Bible de Jérusalem.$0(OLS)http://semarc/title/39604 850 $aSeMil 852 $aSeMil$W1$xVenegono$y1$m2Z III 31$j2791$B2791$CSeMilBibl$Z2$F2791 $81 961 $aAcquisto: Casa editrice 996 $6020$a2-204-02360-4$9(OLS)http://semarc/number/5362 996 $6245$aDe la conquête d'Alexandre à la destruction du temple (331 a.C. 135 a.D.)$9(OLS)http://semarc/title/50833 LEADER 01022nam a2200253 i 4500 001 000000082152 003 CaOOAMICUS 005 20180920112430.0 008 180726s1958 xx u000 u ger u 013 $a54392 040 $aSeMil$bita 100 1 $aRad, Gerhard : von,$d<1901-1971>.$0(OLS)http://semarc/name/77 245 14$aDer Heilige Krieg im alten Israel /$cvon D. Gerhard von Rad. 250 $a3. Aufl. 260 $aGöttingen :$bVandenhoeck & Ruprecht,$c1958. 300 $a84 p. ;$c22 cm. 650 4$aGuerra - Aspetti religiosi - Giudaismo.$0(OLS)http://semarc/subject/47632 650 4$aBibbia - Guerra.$0(OLS)http://semarc/subject/8593 850 $aSeMil 852 $aSeMil$W1$xVenegono$y1$m2Y III 24$j211005$B47250$CSeMilBibl$Z2$F49751 $81 961 $aOmaggio: Perego don Stefano 996 $6245$aDer Heilige Krieg im alten Israel$9(OLS)http://semarc/title/404975 996 $6260$aGöttingen :$bVandenhoeck & Ruprecht$9(OLS)http://semarc/publisher/29697